<?xml version="1.0" encoding="UTF-8"?>
<record
    xmlns:xsi="http://www.w3.org/2001/XMLSchema-instance"
    xsi:schemaLocation="http://www.loc.gov/MARC21/slim http://www.loc.gov/standards/marcxml/schema/MARC21slim.xsd"
    xmlns="http://www.loc.gov/MARC21/slim">

  <leader>00945nam a22002297a 4500</leader>
  <controlfield tag="003">OSt </controlfield>
  <controlfield tag="005">20210315150112.0</controlfield>
  <controlfield tag="008">210315s2016    ck ahc|gr|||| 00| 0 spa d</controlfield>
  <datafield tag="020" ind1=" " ind2=" ">
    <subfield code="a">9789588795188</subfield>
  </datafield>
  <datafield tag="040" ind1=" " ind2=" ">
    <subfield code="a">CO-JMCR</subfield>
    <subfield code="c">CO-JMCR</subfield>
  </datafield>
  <datafield tag="041" ind1="0" ind2=" ">
    <subfield code="a">spa</subfield>
  </datafield>
  <datafield tag="082" ind1="0" ind2="4">
    <subfield code="a">923.587 / </subfield>
    <subfield code="b">U588h</subfield>
    <subfield code="2">23</subfield>
  </datafield>
  <datafield tag="110" ind1="2" ind2=" ">
    <subfield code="a">Universidad Militar Nueva Granada</subfield>
    <subfield code="9">36113</subfield>
  </datafield>
  <datafield tag="245" ind1="1" ind2="0">
    <subfield code="a">Homenaje al Libertador / </subfield>
    <subfield code="c">Universidad Militar Nueva Granada</subfield>
  </datafield>
  <datafield tag="260" ind1=" " ind2=" ">
    <subfield code="a">Bogot&#xE1; : </subfield>
    <subfield code="b">Universidad Militar Nueva Granada, </subfield>
    <subfield code="c">2016</subfield>
  </datafield>
  <datafield tag="300" ind1=" " ind2=" ">
    <subfield code="a">57 p&#xE1;ginas : </subfield>
    <subfield code="b">ilustraciones, facs&#xED;mil y retratos a color ; </subfield>
    <subfield code="c">32 cm.</subfield>
  </datafield>
  <datafield tag="505" ind1="0" ind2=" ">
    <subfield code="a">Homenaje al Libertados -- Bolivar -Por Juana de Ibarbourou -- La carta de Jama&#xED;ca -- Juramento-Por Jorge Rojas -- &#xDA;ltima proclama</subfield>
  </datafield>
  <datafield tag="600" ind1="1" ind2="4">
    <subfield code="a">Bol&#xED;var, Sim&#xF3;n, </subfield>
    <subfield code="d">1783-1830 </subfield>
    <subfield code="x">Pensamiento pol&#xED;tico</subfield>
    <subfield code="9">11686</subfield>
  </datafield>
  <datafield tag="600" ind1="1" ind2="4">
    <subfield code="a">Bol&#xED;var, Sim&#xF3;n,</subfield>
    <subfield code="d">1783-1830</subfield>
    <subfield code="x">Homenajes p&#xF3;stumos</subfield>
    <subfield code="9">36114</subfield>
  </datafield>
  <datafield tag="650" ind1="1" ind2="4">
    <subfield code="2">Militares</subfield>
    <subfield code="v">Biograf&#xED;as</subfield>
    <subfield code="z">Venezuela</subfield>
    <subfield code="9">36115</subfield>
  </datafield>
  <datafield tag="942" ind1=" " ind2=" ">
    <subfield code="2">ddc</subfield>
    <subfield code="c">BK</subfield>
  </datafield>
  <datafield tag="999" ind1=" " ind2=" ">
    <subfield code="c">15382</subfield>
    <subfield code="d">15382</subfield>
  </datafield>
  <datafield tag="952" ind1=" " ind2=" ">
    <subfield code="0">0</subfield>
    <subfield code="1">0</subfield>
    <subfield code="2">ddc</subfield>
    <subfield code="4">0</subfield>
    <subfield code="7">0</subfield>
    <subfield code="8">NFIC</subfield>
    <subfield code="a">CPL</subfield>
    <subfield code="b">CPL</subfield>
    <subfield code="d">2020-10-02</subfield>
    <subfield code="e">Donaci&#xF3;n</subfield>
    <subfield code="l">1</subfield>
    <subfield code="o">923.587 /  U588h</subfield>
    <subfield code="p">201810846</subfield>
    <subfield code="r">2025-11-24 10:34:22</subfield>
    <subfield code="s">2025-11-24</subfield>
    <subfield code="t">Ej.1</subfield>
    <subfield code="w">2021-03-15</subfield>
    <subfield code="y">BK</subfield>
  </datafield>
</record>
